banner-ar

الجيولوجيا فى خدمة الانسان / (Record no. 66862)

MARC details
000 -الفاتح
حقل البيانات ثابتة الطول 00990nam a2200253 4500
005 - وقت وتاريخ اخر تعامل مع التسجيلة
رقم الضبط 20240530110943.0
008 - عناصر البيانات ثابتة الطول - معلومات عامة
حقل البيانات ثابتة الطول 160618s ua o|||g bd|| 00| 0dara d
040 ## - مصدر الفهرسة
وكالة الفهرسة الأصلية EG-CaGPL
082 04 - رقم تصنيف ديوى العشرى
رقم التصنيف 550 /
رقم المادة ف ج
رقم الطبعة 21
100 0# - المدخل الرئيسى - إسم شخصى
الإسم الشخصى فيرنسيدز ، و . ج
245 10 - بيان العنوان
العنوان الجيولوجيا فى خدمة الانسان /
بيان المسئوليه,etc تأليف فيرنسيدز ، و . ج ، بولمان ، ا . م ؛ مترجم محمود ابراهيم عطية ؛ مراجع نصرى مترى شكرى
250 ## - بيان الطبعة
بيان الطبعة ط .1.
260 ## - PUBLICATION, DISTRIBUTION, ETC. (IMPRINT)
تاريخ النشر أو التوزيع د . ت
300 ## - الوصف المادى
التعداد 293 ص ؛
أبعاد الوعاء 20 سم.
490 ## - بيان السلسلة
عنوان السلسلة الالف كتاب
رقم المجلد/ التعيين التسلسلي ( 217 )
650 04 - المدخل الاضافى بالموضوع-مصطلح موضوعى
مصطلح موضوعي الجيولوجيا
650 04 - المدخل الاضافى بالموضوع-مصطلح موضوعى
مصطلح موضوعي الارض
650 04 - المدخل الاضافى بالموضوع-مصطلح موضوعى
مصطلح موضوعي الانسان
700 ## - المدخل الاضافى - اسم شخصى
الإسم الشخصى بولمان ، ا . م
الدور مؤلف مشارك
700 ## - المدخل الاضافى - اسم شخصى
الإسم الشخصى محمود ابراهيم عطية
الدور مترجم
700 ## - المدخل الاضافى - اسم شخصى
الإسم الشخصى نصرى مترى شكرى
الدور مراجع
942 ## - عناصر المدخل الإضافي( كوها)
مصدر التصنيف او مخطط الترفيف Dewey Decimal Classification
Koha [default] item type كتاب
260 ## - PUBLICATION, DISTRIBUTION, ETC. (IMPRINT)
-- القاهرة :
-- دار القلم ،
Holdings
حالة التراجع حالة الفقد حالة تلف ليس للاعارة المكان المؤقت الموقع الحالى موقع الترفيف تاريخ الاكتساب اجمالي اﻻعارات رقم الطلب الباركود تاريخ اخر مشاهدة تاريخ تفعيل السعر نوع وعاء كوها
        مكتبة القاهرة الكبرى مكتبة القاهرة الكبرى ق الرئيسية_العلوم البحتة_ك عربى 11/13/2022   550 / ف ج 168830 11/13/2022 11/13/2022 كتاب

Powered By

EGPV